000 00379nam a2200157Ia 4500
008 191206s9999 xx 000 0 und d
020 _a333533674
090 _aPR4172.W73
245 0 _aWuthering Heights Notes
250 _aRev. ed.
260 _aMacmillan
260 _bCasebook series
260 _cc1992
300 _a246 p. ; 23 cm.
999 _c17341
_d17341